基里尼亞加
| 資料類型: | 圖書 | 書目號: | 51249 |
Leader xxxxxxxxxx 001 __ 102477/1/01 005 __ 20170720133038.194 010 0_ |a9787536481428|b平裝|d新臺幣168元 042 __ |anbic 100 __ |a20170720d2015 km y0chiy50 e 101 1_ |achi|ceng 102 __ |acn 105 __ |ay z 000ay 200 1_ |a基里尼亞加|e|f邁克·雷斯尼克著|g汪梅子譯 205 __ |a初版 210 __ |a四川省成都市|c四川科學技術出版社|d2015 215 0_ |a304面|c|d21公分 225 12 |a世界科幻大師叢書|v141 300 __ |a簡體字 606 __ |2cst|a科幻小說 700 _1 |a雷斯尼克|b|4著 702 _1 |a汪|b梅子|4譯 681 __ |a857.83|b8455 801 _0 |atw|bLibDipper|c20170720|gCCR |